[Event "Bezirksliga Oberbayern 1819"]
[Site "Bayern"]
[Date "2019.01.20"]
[Round "5.7"]
[White "Untersteiner, Michael"]
[Black "Waller, Stefan"]
[Result "1/2-1/2"]
[WhiteElo "1957"]
[BlackElo "1834"]
[PlyCount "23"]
[EventDate "2018.10.21"]
[EventType "team-tourn"]
[EventRounds "9"]
[EventCountry "GER"]
[SourceTitle "EXT 2022"]
[Source "ChessBase"]
[SourceDate "2021.10.06"]
[SourceVersion "1"]
[SourceVersionDate "2021.10.06"]
[SourceQuality "1"]
[WhiteTeam "Freilassing"]
[BlackTeam "Fuerstenfeldbruck TuS"]
[WhiteTeamCountry "GER"]
[BlackTeamCountry "GER"]

1. d4 d5 2. c4 c6 3. Nf3 Nf6 4. e3 Bf5 5. Nc3 e6 6. Bd3 Bg6 7. Ne5 Nbd7 8. Nxg6 hxg6 9. e4 dxc4 10. Bxc4 Nb6 11. Bb3 c5 12. Be3 1/2-1/2